| Tag |
First Indicator |
Second Indicator |
Subfields |
| LEADER |
00000cam a22000001 4500 |
| 001 |
in00000106439 |
| 005 |
20150927204454.0 |
| 008 |
710308s1968 riuh b 00010 eng |
| 010 |
|
|
|a 68025684
|
| 035 |
|
|
|a (OCoLC)00443939
|
| 035 |
|
|
|9 AAM1664AM
|
| 040 |
|
|
|a DLC
|c DLC
|d TXA
|d UtOrBLW
|
| 049 |
|
|
|a TXAM
|c [526117]
|
| 050 |
0 |
0 |
|a Z733.P9626
|
| 082 |
0 |
|
|a 027.7/745/2
|
| 110 |
2 |
|
|a John Carter Brown Library.
|
| 245 |
1 |
0 |
|a Opportunities for research in the John Carter Brown Library.
|
| 264 |
|
1 |
|a Providence :
|b Brown University,
|c 1968.
|
| 300 |
|
|
|a 88 pages :
|b facsimiles ;
|c 20 cm.
|
| 336 |
|
|
|a text
|b txt
|2 rdacontent
|
| 337 |
|
|
|a unmediated
|b n
|2 rdamedia
|
| 338 |
|
|
|a volume
|b nc
|2 rdacarrier
|
| 504 |
|
|
|a Bibliography: pages 73-74.
|
| 999 |
|
|
|a MARS
|
| 999 |
f |
f |
|s 5c931504-1a34-3df0-a541-49627852af54
|i 09bbf3c9-ac6a-3fd2-8f16-7e5d13c75185
|t 0
|
| 952 |
f |
f |
|p ric
|a Texas A&M University
|b Rellis Campus
|c Joint Library Facility
|d Remote Storage
|t 0
|e Z733.P9626
|h Library of Congress classification
|i unmediated -- volume
|m A14805747044
|
| 998 |
f |
f |
|a Z733.P9626
|t 0
|l Remote Storage
|